Macroeconomía del populismo en la América Latina (Registro nro. 4288)

Detalles MARC
000 -LEADER
fixed length control field 01903 a2200241 4500
001 - CONTROL NUMBER
control field 47106
005 - DATE AND TIME OF LATEST TRANSACTION
control field 20260407155739.0
008 - FIXED-LENGTH DATA ELEMENTS--GENERAL INFORMATION
fixed length control field 260407a1992 arg spa d
003 - CONTROL NUMBER IDENTIFIER
control field AR-UNSa-BCEJYS
040 ## - CATALOGING SOURCE
Original cataloging agency AR-UNSa-BCEJYS
Language of cataloging spa
Transcribing agency AR-UNSa-BCEJYS
080 ## - UNIVERSAL DECIMAL CLASSIFICATION NUMBER
Universal Decimal Classification number 330.101.541
Common auxiliary subdivision Macroeconomía
020 ## - INTERNATIONAL STANDARD BOOK NUMBER
International Standard Book Number 968-16-3917-0
100 1# - MAIN ENTRY--PERSONAL NAME
Personal name Suárez, Eduardo L.
245 10 - TITLE STATEMENT
Title Macroeconomía del populismo en la América Latina
264 #1 - PRODUCTION, PUBLICATION, DISTRIBUTION, MANUFACTURE, AND COPYRIGHT NOTICE
Place of production, publication, distribution, manufacture México :
Name of producer, publisher, distributor, manufacturer Fondo de Cultura Económica
Date of production, publication, distribution, manufacture, or copyright notice 1992
300 ## - PHYSICAL DESCRIPTION
Extent 458 p.
Dimensions 22 cm.
505 ## - FORMATTED CONTENTS NOTE
Formatted contents note Primera Parte : MARCO TÉORICO : 1. La macroeconomía del populismo / Rudiger Dornbusch y Sebastián Edwards - 2. La economía política del populismo latinoamericano / Robert R. Kaufman y Bárbara Stallings - 3. El populismo, el despilfarro y la redistribución / Eliana Cardoso y Ann Helwege -- Segunda Parte : EXPERIENCIA DE ALGUNOS PAÍSES : 4. Descripción de una experiencia populista : Argentina, 1973-1976 / Federico A. Sturzenegger - 5. ¿Qué han aprendido los populistas de la hiperinflación? / Roque B. Fernández - 6. Sesenta años de populismo en el Brasil / Paulo Rabello de Castro y Marcio Ronci - 7. La experiencia socialista-populista chilena: 1970-1973 / Felipe Larraín y Patricio Meller - 8. El populismo y la política económica de México, 1970-1982 / Carlos Bazdresch y Santiago Levy - 9. La ilusión de una distribución por medio de la política macroeconómica : La experiencia heterodoxa del Perú (1985-1990) / Ricardo Lago - 10. Colapso y estabilización (incompleta) de la economía nicaragüense / José Antonio Ocampo - 11. Acerca de la ausencia de populismo económico en Colombia / Miguel Urrutia.
590 ## - LOCAL NOTE (RLIN)
Local note niveau_biblio:m niveau_hierar:0
700 1# - ADDED ENTRY--PERSONAL NAME
Personal name Edwards, Sebastián
700 1# - ADDED ENTRY--PERSONAL NAME
Personal name Dornbusch, Rudiger
856 41 - ELECTRONIC LOCATION AND ACCESS
Uniform Resource Identifier <a href="https://www.biblioeco.unsa.edu.ar/pmb/images/libros/L127391.jpg">https://www.biblioeco.unsa.edu.ar/pmb/images/libros/L127391.jpg</a>
Link text Imagen de portada
Electronic format type image/jpeg
942 ## - ADDED ENTRY ELEMENTS (KOHA)
Koha item type
Existencias
Withdrawn status Lost status Damaged status Not for loan Home library Current library Shelving location Date acquired Total checkouts Full call number Barcode Date last seen Price effective from Koha item type
        Biblioteca Prof. Eusebio Cleto del Rey Biblioteca Prof. Eusebio Cleto del Rey   07/04/2026   330.101.541 D713m L127391 07/04/2026 07/04/2026 Libro